000 01203nam a2200325 a 4500
001 000115043
003 CHAP
005 20220329144511.0
008 180910s2018 mx |sm |||||||spa d
010 _a111504
011 _a112476
040 _cCHAP
090 _aTesis
100 1 _aOchoa Peñaloza, José Ángel.
_9135461
245 1 0 _aNanopartículas de plata en la postcosecha de lisianthus (Eustoma grandiflorum (Raf) Shinners Echo Blue)
_h[En línea]
_cpor José Ángel Ochoa Peñaloza.
260 _aChapingo, Méx. :
_bEl autor,
_c2018.
500 _aPara ver el contenido del material haga clic en la liga
502 _aTesis (Agr. en Horticultura Protegida) -- UACH. Departamento de Fitotecnia
590 _aBATCH-UPD
_b05
_c20180910
_lUCH01
_h0856
590 _aE11695DGD
_b10
_c20190531
_lUCH01
_h1532
590 _aE5765TAJ
_b05
_c20180910
_lUCH01
_h0855
590 _aE5765TAJ
_b05
_c20180910
_lUCH01
_h0900
590 _aE5765TAJ
_b05
_c20180912
_lUCH01
_h1100
650 1 4 _aFlores
_xPreservación.
_941402
650 1 4 _aPlata
_xEfecto en flores.
_9135463
856 _aFinding aid
_uhttp://10.13.5.2/tesis/sist115043.pdf
_zTeclea aquí
901 _aBK
942 _cTESIS
942 _n0
999 _c111504
_d111504